| 000 | 00566nam a2200181Ia 4500 | ||
|---|---|---|---|
| 003 | GCL | ||
| 008 | 140319s9999 xx 000 0 ara d | ||
| 040 |
_aGCL / _cGCL |
||
| 082 | 0 | 4 |
_a547.2 _bك ب |
| 100 | 1 | _aرعد اسماعيل الحمدانى | |
| 245 | 1 | 0 |
_aبعض الطرق الحديثة فى التخليق العضوى / _cرعد اسماعيل الحمدانى |
| 260 |
_a[S.N] : _bجامعة الموصل ، _c1985 |
||
| 300 | _a584 ص | ||
| 490 | _a | ||
| 650 | 0 | 4 | _aالكيمياء |
| 650 | 0 | 4 | _aالكيمياء العضوية |
| 942 |
_2ddc _cBK |
||
| 999 |
_c33451 _d33451 |
||